Medzinárodné daňové vzťahy v odbore daní z príjmov a z majetku a zamedzenie dvojitého zdanenia

Čo je medzinárodné dvojité zdanenie. Zmluvy o zamedzení dvojitého zdanenia. Medzinárodné daňové zmluvy, ich ciele. Modelová zmluva OECD, jej obsah, štruktúra, význam. Usmernenie MF SR na uplatňovanie zmlúv o zamedzení dvojitého zdanenia.

Salvato in:
Dettagli Bibliografici
Autore principale: Borčíková, Jana
Natura: Capitolo di libro
Lingua:slovacco
Soggetti:
Tags: Aggiungi Tag
Nessun Tag, puoi essere il primo ad aggiungerne!!

MARC

LEADER 00000naa$a2200000$$$4500
001 0059116
005 20231106073316.4
041 0 |a slo 
044 |a SK 
245 1 0 |a Medzinárodné daňové vzťahy v odbore daní z príjmov a z majetku a zamedzenie dvojitého zdanenia  |c Jana Borčíková 
520 |a Čo je medzinárodné dvojité zdanenie. Zmluvy o zamedzení dvojitého zdanenia. Medzinárodné daňové zmluvy, ich ciele. Modelová zmluva OECD, jej obsah, štruktúra, význam. Usmernenie MF SR na uplatňovanie zmlúv o zamedzení dvojitého zdanenia. 
610 2 0 |a zmluvy medzinárodné 
610 2 0 |a zdaňovanie medzinárodné 
610 2 0 |a zdanenie dvojité 
610 2 0 |a dane z príjmov 
610 2 0 |a majetok 
610 2 0 |a únik daňový 
610 2 0 |a výnosy daňové 
610 2 0 |a rozdeľovanie 
100 1 |a Borčíková, Jana